00601nam a2200193Ia 4500008004100000050001000041050001500051100003000066245011200096245003000208260003100238260001000269260001000279300001600289300002000305300001100325500005600336521001500392160517s9999 xx 000 0 und d aBF 1  b.D332 2015 aDela Cruz, Khorina Joy B. aPerceived organizational support and commitment of selected private secondary teachers in Parañaque city/ cKhorina Joy B. Dela Cruz. aLas Piñas, Philippines : bSISC, c2015. a104 pages : billustrations ; c28 cm. aIncludes bibliographical references and appendices. aPsychology